| 000 | 01479nam a2200445 i 4500 | ||
|---|---|---|---|
| 001 | 14302 | ||
| 003 | KOSZ 005 | ||
| 005 | 20190827105457.0 | ||
| 008 | 190622s1972 pl a f 000 0 pol | ||
| 015 | _aPB 1972/3684 | ||
| 035 | _a991039014139705066 | ||
| 035 | _a(PL-WaBN)b2043876x-48omnis_nlop | ||
| 035 | _ab2043876x | ||
| 035 | _a(OCoLC)749620829 | ||
| 035 | _a(PL)b0000002043876 | ||
| 035 | _a(EXLNZ-48OMNIS_NETWORK)9910261505705606 | ||
| 040 |
_aWA N _cWA N _dKOSZ 005/RW _dKOSZ 005/HR |
||
| 046 | _k1972 | ||
| 080 | _a621.56/.59 | ||
| 080 | _a621.31 | ||
| 100 | 1 |
_aLelakowski, Andrzej. _eAutor |
|
| 245 | 1 | 0 |
_aElektroenergetyka chłodni przemysłowych / _cAndrzej Lelakowski. |
| 260 |
_aWarszawa : _bWydawnictwa Naukowo-Techniczne, _c1972. |
||
| 300 |
_a319, [1] stron, [4] strony tablic : _bilustracje ; _c21 cm. |
||
| 336 |
_aTekst _btxt _2rdacontent |
||
| 337 |
_aBez urządzenia pośredniczącego _bn _2rdamedia |
||
| 338 |
_aWolumin _bnc _2rdacarrier |
||
| 380 | _aKsiążki | ||
| 380 | _aPublikacje fachowe | ||
| 388 | _a1901-2000 | ||
| 388 | _a1945-1989 | ||
| 504 | _aBibliografia na stronach 311-[320]. | ||
| 650 | 4 | _aChłodnie | |
| 658 | _aInżynieria i technika | ||
| 650 | 4 | _aElektroenergetyka | |
| 710 | 2 |
_aWydawnictwa Naukowo-Techniczne _4pbl |
|
| 856 |
_uhttp://koha.tu.koszalin.pl/cgi-bin/koha/opac-detail.pl?biblionumber=14302 _yKatalog online BPK |
||
| 942 |
_2UKD _cKS |
||
| 999 |
_c14302 _d14302 |
||